Me /

Bibliographic Details
Main Author: Hansen, Harlan S.
Other Authors: Hansen, Ruth Mork, Ryan, Frank L.
Format: Book
Language:English
Published: Boston : Houghton Mifflin, [1976]
Edition:Teacher's annotated ed.
Series:Houghton Mifflin social studies program.
Subjects:

MARC

Tag First Indicator Second Indicator Subfields
LEADER 00000cam a2200000 i 4500
001 in00000697477
005 20151016052530.0
008 770405s1976 maua j 00010 eng d
010 |a  74018541  
020 |a 0395201381 (pbk.) 
035 |a (OCoLC)02862298 
035 |9 ADB7026AM 
040 |a GYG  |c GYG  |d TXA  |d UtOrBLW 
049 |a [Curr Col] TXAM  |c [1632523] 
090 |a H95  |b .H3 1976a 
100 1 |a Hansen, Harlan S. 
245 1 0 |a Me /  |c Harlan S. Hansen, Ruth Mork Hansen, Frank L. Ryan ; general editor, Lee F. Anderson. 
250 |a Teacher's annotated ed. 
264 1 |a Boston :  |b Houghton Mifflin,  |c [1976] 
264 4 |c ©1976 
300 |a 191 pages :  |b illustrations (some color) ;  |c 24 x 30 cm. 
336 |a text  |b txt  |2 rdacontent 
337 |a unmediated  |b n  |2 rdamedia 
338 |a volume  |b nc  |2 rdacarrier 
490 0 |a Windows on our world ; Level K 
490 1 |a The Houghton Mifflin social studies program 
500 |a Gr. K-6. 
650 0 |a Social sciences  |v Juvenile literature. 
700 1 |a Hansen, Ruth Mork. 
700 1 |a Ryan, Frank L. 
830 0 |a Houghton Mifflin social studies program. 
999 |a MARS 
999 f f |s 65127ae8-2c45-3467-afc2-66547dd315e6  |i e53abfa2-38ca-35fe-85b6-ab8a8b37f41e  |t 0 
952 f f |p ric  |a Texas A&M University  |b Rellis Campus  |c Joint Library Facility  |d Remote Storage  |t 0  |e H95 .H3 1976a  |h Library of Congress classification  |i unmediated -- volume  |k Teachers ed.  |m A14800216284 
998 f f |a H95 .H3 1976a  |t 0  |l Remote Storage